Enseñar a aprender/ (Registro nro. 8738)

Detalles MARC
000 -LEADER
fixed length control field 01136nam a2200205Ia 4500
005 - FECHA Y HORA DE LA ÚLTIMA TRANSACCIÓN
control field 20230726095025.0
008 - FIXED-LENGTH DATA ELEMENTS--GENERAL INFORMATION
fixed length control field 230725s9999 xx 000 0 und d
020 ## - INTERNATIONAL STANDARD BOOK NUMBER
International Standard Book Number 9508082135
040 ## - CATALOGING SOURCE
Original cataloging agency UPAN
Transcribing agency Biblioteca San Vicente
Description conventions RCAA2
041 ## - LANGUAGE CODE
Language code of text/sound track or separate title spa
082 ## - DEWEY DECIMAL CLASSIFICATION NUMBER
Classification number 371.1
Item number B595e
año de publicación 2002
100 ## - MAIN ENTRY--PERSONAL NAME
Personal name Bixio, Cecilia
Relator code aut.
245 #0 - TITLE STATEMENT
Title Enseñar a aprender/
Remainder of title Cecilia Bixio
250 ## - EDITION STATEMENT
Edition statement 3° ed.
260 ## - PUBLICATION, DISTRIBUTION, ETC. (IMPRINT)
Place of publication, distribution, etc Argentina:
Name of publisher, distributor, etc Homo Sapiens,
Date of publication, distribution, etc 2002
300 ## - PHYSICAL DESCRIPTION
Extent 130 p.;
Dimensions 22 cm.
505 ## - FORMATTED CONTENTS NOTE
Formatted contents note Capitulo 1. Las interacciones en los procesos de enseñanza- aprendizaje <br/>Capitulo 2. Las estrategias didácticas y el proceso de mediación <br/>Capitulo 3. Las estrategias didácticas y la transformación de los conocimientos<br/>Capitulo 4. Enseñar a aprender: estrategias de aprendizaje y de enseñanza <br/>Capitulo 5. Planificación de las estrategias didácticas: las secuencias <br/>Capitulo 6. La evaluación de las estrategias didácticas en función del proceso de enseñanza- aprendizaje y de sus resultados <br/>Capitulo 7. El rol del docente en el proceso de enseñanza- aprendizaje
650 ## - SUBJECT ADDED ENTRY--TOPICAL TERM
Source of heading or term LEMB
Topical term or geographic name as entry element Aprendizaje
General subdivision Enseñanza
942 ## - ADDED ENTRY ELEMENTS (KOHA)
Koha item type Libros
Source of classification or shelving scheme Dewey Decimal Classification
Existencias
Withdrawn status Lost status Source of classification or shelving scheme Damaged status Not for loan Collection code Home library Current library Date acquired Total Checkouts Full call number Barcode Date last seen Copy number Price effective from Koha item type
    Dewey Decimal Classification     Colección General Biblioteca UPAN San Vicente Biblioteca UPAN San Vicente 25/07/2023   371.1 B595e 12001295 25/07/2023 01 25/07/2023 Libros